Nuevas técnicas de corte, color y peinado paso a paso / (Registro nro. 8267)
[ vista simple ]
| 000 -LIDER | |
|---|---|
| fixed length control field | 00741nam a22002657a 4500 |
| 001 - NÚMERO DE CONTROL | |
| Identificador de número de control | 010 |
| 003 - IDENTIFICACDOR DE NÚMERO DE CONTROL | |
| control field | DO-SdBNP |
| 005 - DATE AND TIME OF LATEST TRANSACTION | |
| control field | 20161201091737.0 |
| 007 - CAMPOS FIJOS DE DESCRIPCIÓN FÍSICA | |
| fixed length control field | 010 |
| 008 - ELEMENTOS DE LONGITUD FIJA | |
| fixed length control field | 150918b 2009 cr xxu||||| |||| 00| 0 spa d |
| 020 ## - ISBN | |
| International Standard Book Number | 9788496823 |
| 040 ## - FUENTE DE CATALOGACIÓN | |
| Agencia que crea de manera original el registro | BPMSU |
| Idioma de catalogación | spa |
| Agencia que realiza la transcripción | BPMSU |
| 082 ## - NÚMERO DE CLASIFICACIÓN DECIMAL DE DEWEY | |
| Classification number | 646.724 |
| Item number | N964t |
| 245 00 - MENCIÓN DE TITULO | |
| Título | Nuevas técnicas de corte, color y peinado paso a paso / |
| Mención de responsabilidad | Josep M. Minguet, editor |
| 260 0# - PUBLICACIÓN, DISTRIBUCIÓN, ETC. (PIE DE IMPRENTA) | |
| Lugar de publicación, distribución, etc | [Costa Rica] : |
| Nombre del editor, distribuidor, etc. | Lexus, |
| Fecha de publicación, distribución, etc | 2009 |
| 300 ## - DESCRIPCIÓN FÍSICA | |
| Extensión | 206 p. : |
| Otros detalles físicos | ils. ; |
| Dimensiones | 32 cm. |
| 650 #4 - ENCABEZAMIENTO DE MATERIA--TEMÁTICO | |
| Término temático o nombre geográfico como elemento de entrada | PELUQUERIA |
| 650 #4 - ENCABEZAMIENTO DE MATERIA--TEMÁTICO | |
| Término temático o nombre geográfico como elemento de entrada | TEÑIDO DEL PELO |
| 650 #4 - ENCABEZAMIENTO DE MATERIA--TEMÁTICO | |
| Término temático o nombre geográfico como elemento de entrada | PELO |
| Subdivisión temática general | CUIDADO E HIGIENE |
| 650 #4 - ENCABEZAMIENTO DE MATERIA--TEMÁTICO | |
| Término temático o nombre geográfico como elemento de entrada | PEINADO |
| 700 12 - ASIENTO SECUNDARIO -- NOMBRE PERSONAL | |
| Nombre personal | Minguet, Josep M., |
| Mención de responsabilidad | ed. |
| 910 ## - VALIDACIÓN | |
| Validación | Validado. Control de calidad MFF |
| 942 ## - ADDED ENTRY ELEMENTS (KOHA) | |
| Source of classification or shelving scheme | Dewey Decimal Classification |
| Koha item type | Libros |
| 956 ## - LOCAL ELECTRONIC LOCATION AND ACCESS (OCLC) | |
| Nombre de host | Brenda Tavárez |
| Withdrawn status | Lost status | Source of classification or shelving scheme | Damaged status | Not for loan | Collection code | Home library | Current library | Date acquired | Source of acquisition | Total Checkouts | Full call number | Barcode | Date last seen | Price effective from | Koha item type | Copy number |
|---|---|---|---|---|---|---|---|---|---|---|---|---|---|---|---|---|
| Dewey Decimal Classification | Colección General | Biblioteca Pública Metropolitana Salomé Ureña | Biblioteca Pública Metropolitana Salomé Ureña | 09/18/2015 | Compra | 646.724 N964t | BPMSU15090204 | 09/18/2015 | 09/18/2015 | Libros | ||||||
| Dewey Decimal Classification | Colección General | Biblioteca Pública Metropolitana Salomé Ureña | Biblioteca Pública Metropolitana Salomé Ureña | 09/18/2015 | Compra | 646.724 N964t | BPMSU15090205 | 09/18/2015 | 09/18/2015 | Libros | ej. 2 |